000 00330nam a2200133Ia 4500
005 20260328104306.0
008 260328s9999||||xx |||||||||||||| ||und||
100 _aStack, Jim
245 0 _aDesign Your Own Furniture /
_cJim Stack
260 _bPopular Woodworking Books
300 _a114 p.
650 _aHABITACION
942 _cBK
999 _c10779
_d10779